<?xml version="1.0" encoding="UTF-8"?><?xml-stylesheet type="text/xsl" href="static/style.xsl"?><OAI-PMH xmlns="http://www.openarchives.org/OAI/2.0/" xmlns:xsi="http://www.w3.org/2001/XMLSchema-instance" xsi:schemaLocation="http://www.openarchives.org/OAI/2.0/ http://www.openarchives.org/OAI/2.0/OAI-PMH.xsd"><responseDate>2026-04-14T19:37:52Z</responseDate><request verb="GetRecord" identifier="oai:uvadoc.uva.es:10324/65751" metadataPrefix="marc">https://uvadoc.uva.es/oai/request</request><GetRecord><record><header><identifier>oai:uvadoc.uva.es:10324/65751</identifier><datestamp>2024-12-11T08:08:28Z</datestamp><setSpec>com_10324_1131</setSpec><setSpec>com_10324_931</setSpec><setSpec>com_10324_894</setSpec><setSpec>col_10324_1201</setSpec></header><metadata><record xmlns="http://www.loc.gov/MARC21/slim" xmlns:doc="http://www.lyncode.com/xoai" xmlns:xsi="http://www.w3.org/2001/XMLSchema-instance" xmlns:dcterms="http://purl.org/dc/terms/" xsi:schemaLocation="http://www.loc.gov/MARC21/slim http://www.loc.gov/standards/marcxml/schema/MARC21slim.xsd">
<leader>00925njm 22002777a 4500</leader>
<datafield tag="042" ind1=" " ind2=" ">
<subfield code="a">dc</subfield>
</datafield>
<datafield tag="720" ind1=" " ind2=" ">
<subfield code="a">Hernández Pérez, Marta</subfield>
<subfield code="e">author</subfield>
</datafield>
<datafield tag="720" ind1=" " ind2=" ">
<subfield code="a">Abad, David</subfield>
<subfield code="e">author</subfield>
</datafield>
<datafield tag="720" ind1=" " ind2=" ">
<subfield code="a">Eiros Bouza, José María</subfield>
<subfield code="e">author</subfield>
</datafield>
<datafield tag="720" ind1=" " ind2=" ">
<subfield code="a">Rodríguez-Lázaro, David</subfield>
<subfield code="e">author</subfield>
</datafield>
<datafield tag="260" ind1=" " ind2=" ">
<subfield code="c">2020</subfield>
</datafield>
<datafield tag="520" ind1=" " ind2=" ">
<subfield code="a">Hasta la fecha del artículo se disponía de poca información sobre el virus SARS-CoV-2 en animales. Mientras que hasta esa fecha no se había notificado ningún caso en animales de cría, lo que tendría importantes repercusiones en la seguridad alimentaria, los animales de compañía desempeñan un papel en la epidemiología del virus que abre nuevos interrogantes. Existen pruebas de que el SARS-CoV-2 puede infectar a felinos, perros y visones, y hay indicios de infección de persona a animal. Asimismo, la secuencia de nucleótidos de la proteína S del virus SARS-CoV-2 aislado en animales domésticos y humanos es idéntica, y la replicación del SARS-CoV-2 en gatos es eficiente. Además, las pruebas epidemiológicas de esta pandemia actual indican que la propagación a los humanos estuvo asociada a un estrecho contacto entre el hombre y los animales exóticos, muy probablemente en los mercados húmedos chinos, por lo que existe un consenso general cada vez mayor de que los mercados de animales exóticos, deben ser estrictamente regulados. El examen de estos hallazgos y el papel particular de los animales en COVID-19 deben analizarse cuidadosamente para establecer medidas de preparación y contención. La gestión de los animales y la vigilancia epidemiológica también deben tenerse en cuenta para el control de la COVID-19, y puede abrir nuevos interrogantes sobre la epidemiología de la COVID-19 y el papel que los animales desempeñan en ella.</subfield>
</datafield>
<datafield tag="024" ind2=" " ind1="8">
<subfield code="a">Hernández M, Abad D, Eiros JM, Rodríguez-Lázaro D. Are Animals a Neglected Transmission Route of SARS-CoV-2? Pathogens. 2020 Jun 18;9(6):480. doi: 10.3390/pathogens9060480. PMID: 32570713; PMCID: PMC7350367</subfield>
</datafield>
<datafield tag="024" ind2=" " ind1="8">
<subfield code="a">https://uvadoc.uva.es/handle/10324/65751</subfield>
</datafield>
<datafield tag="024" ind2=" " ind1="8">
<subfield code="a">10.3390/pathogens9060480</subfield>
</datafield>
<datafield tag="024" ind2=" " ind1="8">
<subfield code="a">480</subfield>
</datafield>
<datafield tag="024" ind2=" " ind1="8">
<subfield code="a">6</subfield>
</datafield>
<datafield tag="024" ind2=" " ind1="8">
<subfield code="a">Pathogens</subfield>
</datafield>
<datafield tag="024" ind2=" " ind1="8">
<subfield code="a">9</subfield>
</datafield>
<datafield tag="024" ind2=" " ind1="8">
<subfield code="a">2076-0817</subfield>
</datafield>
<datafield tag="245" ind1="0" ind2="0">
<subfield code="a">Are Animals a Neglected Transmission Route of SARS-CoV-2?</subfield>
</datafield>
</record></metadata></record></GetRecord></OAI-PMH>